000 00749nam a2200265 i 4500
001 73934
003 ES-MaACL
005 20240528062729.0
007 t|
008 040913s1985 sp ||||1| spa d
020 _a8426427065
080 _a821.134.2-14"19"
100 1 _aGonzález, Ángel,
_d1925-2008
_958280
245 1 0 _aTratado de urbanismo /
_cÁngel González.
250 _a3ª ed.
260 _aBarcelona :
_bLumen,
_c1985.
300 _a76 p. ;
_c21 cm.
490 1 _aEl bardo. Colección de poesía ;
_v106
650 4 _916177
_aPoesía española-
_yS.XX
655 7 _2tgfbne
_aPoesías
_9176539
830 1 _aEl Bardo (Batlló, José) ;
_v106
_9235922
852 4 _aES-MaACL
_jL-11117
942 _2udc
999 _c73934
_d73934